[Event "FSV-ch 2013"]
[Site "Dortmund"]
[Date "2013.04.25"]
[Round "4.13"]
[White "Böckmann, Lieselotte"]
[Black "Dite, Alexander"]
[Result "0-1"]
[WhiteElo "1006"]
[BlackElo "1646"]
[PlyCount "78"]
[EventDate "2013.??.??"]

1. c4 Nf6 2. g3 g6 3. Bg2 Bg7 4. d4 O-O 5. Nf3 c5 6. d5 d6 7. O-O Na6 8. a3 Nc7
9. Nc3 a6 10. b3 Nfxd5 11. cxd5 Bxc3 12. Bh6 Bg7 13. Bxg7 Kxg7 14. Rc1 Bd7 15.
Re1 Qc8 16. Rc4 Bh3 17. Rh4 Bxg2 18. Kxg2 Ne8 19. Qd2 h5 20. Ng5 Nf6 21. f3 b5
22. b4 cxb4 23. Rc1 Qb7 24. axb4 Qxd5 25. Qxd5 Nxd5 26. Kf2 Rfc8 27. Rxc8 Rxc8
28. Nh3 Rc4 29. Nf4 Nxb4 30. Ke3 e5 31. Nd3 Rxh4 32. gxh4 Nxd3 33. Kxd3 b4 34.
Kc4 a5 35. e4 Kf6 36. h3 g5 37. Kb3 gxh4 38. Kc4 Kg5 39. Kb3 Kf4 0-1

[Event "FSV-ch 2013"]
[Site "Dortmund"]
[Date "2013.04.25"]
[Round "4.14"]
[White "Schlepütz, Volker"]
[Black "Link, Werner"]
[Result "1/2-1/2"]
[WhiteElo "1548"]
[BlackElo "1403"]
[PlyCount "160"]
[EventDate "2013.??.??"]

1. d4 d5 2. c4 Nf6 3. cxd5 Nxd5 4. e4 Nf6 5. Nc3 g6 6. Nf3 Bg7 7. Bc4 O-O 8.
O-O c6 9. h3 e6 10. e5 Nd5 11. Ne4 Nd7 12. Bd2 c5 13. Nxc5 Nxc5 14. dxc5 Qc7
15. Re1 Qxc5 16. Qb3 a5 17. Rac1 Qe7 18. Bxd5 exd5 19. Bf4 Be6 20. Nd4 Rfc8 21.
Qd3 Qd7 22. Rcd1 Rc5 23. Be3 Rc4 24. b3 Rcc8 25. f4 Bf8 26. Re2 Bb4 27. Bd2 Rc5
28. Bxb4 axb4 29. Qd2 Rc3 30. Nxe6 fxe6 31. Qd4 Qb5 32. Rdd2 Rac8 33. Kh2 Qc5
34. Qxc5 R8xc5 35. Rd4 Rb5 {(=)} 36. g3 Kf7 37. h4 h5 38. Rg2 Re3 39. g4 Re4
40. Rxe4 dxe4 41. gxh5 gxh5 42. Re2 Rd5 43. Rxe4 Kg6 44. Rxb4 Kf5 45. a4 Kg4
46. Rxb7 Rd2+ 47. Kg1 Kf3 48. Rg7 Rd1+ 49. Kh2 Rd2+ 50. Kh3 Rd1 51. Rg3+ Kxf4
52. a5 Ra1 53. b4 Kxe5 54. Kg2 Rb1 55. b5 Kf4 56. Rf3+ Kg4 57. Rg3+ Kf4 58.
Rf3+ Kg4 59. b6 Rb5 60. Re3 Rxa5 61. Rxe6 Ra2+ 62. Kf1 Rb2 63. Re4+ Kf3 64. Re6
Rb1+ 65. Re1 Rxb6 66. Kg1 Rb4 67. Rf1+ Kg3 68. Rf8 Rb1+ 69. Rf1 Rb2 70. Rf8
Kxh4 71. Rg8 Kh3 72. Kh1 h4 73. Kg1 Rb1+ 74. Kf2 Kh2 75. Rg4 h3 76. Rg7 Rb2+
77. Kf1 Rg2 78. Rf7 Kh1 79. Rh7 h2 80. Rh6 Rg5 1/2-1/2

[Event "FSV-ch 2013"]
[Site "Dortmund"]
[Date "2013.04.25"]
[Round "4.15"]
[White "Rzoczek, Christoph"]
[Black "Wickenfeld, Udo"]
[Result "0-1"]
[WhiteElo "1552"]
[BlackElo "1301"]
[PlyCount "150"]
[EventDate "2013.??.??"]

1. e4 c5 2. c3 Nf6 3. Qc2 Nc6 4. Nf3 e6 5. Be2 Qc7 6. Na3 a6 7. d3 b5 8. Bg5
Be7 9. Bh4 Bb7 10. Rc1 Rc8 11. O-O Ne5 12. Nxe5 Qxe5 13. f4 Qc7 14. Bg3 Qb6 15.
c4 b4 16. Nb1 O-O 17. Nd2 Rfe8 18. e5 d6 19. exf6 Bxf6 20. Bf3 d5 21. Kh1 Bd4
22. Bf2 Bf6 23. Rfe1 Qc7 24. Bg3 Qd8 25. Nf1 Bh4 26. cxd5 Bxg3 27. Nxg3 Bxd5
28. Bxd5 Qxd5 29. Qc4 Qd6 30. Re5 Rcd8 31. Rd1 a5 32. Rxc5 Qe7 33. Rxa5 Rd5 34.
Rxd5 exd5 35. Qc1 g6 36. a4 Qe6 37. Rf1 Rc8 38. Qd2 b3 39. Qe1 Qc6 {(=)} 40. a5
Qb5 41. Qa1 Ra8 42. f5 Rxa5 43. Qb1 Ra2 44. fxg6 hxg6 45. Ne2 Qa6 46. Nc3 Ra5
47. d4 Qe6 48. Re1 Qg4 49. Qd1 Qh4 50. h3 Ra7 51. Re5 Qf2 52. Re8+ Kg7 53. Qe2
Ra1+ 54. Kh2 Qf4+ 55. g3 Qxd4 56. Qe5+ Qxe5 57. Rxe5 Rc1 58. Re2 d4 59. Ne4 Rc2
60. Rf2 f5 61. Nd2 Rxb2 62. Kg2 Kf6 63. Kf3 Rc2 64. Nxb3 Rc3+ 65. Ke2 Rxb3 66.
Rg2 Rb2+ 67. Kf3 Rxg2 68. Kxg2 Ke5 69. Kf3 Kd5 70. g4 fxg4+ 71. Kxg4 d3 72. Kf3
Kd4 73. Kf2 d2 74. Ke2 Kc3 75. Kd1 g5 0-1

[Event "FSV-ch 2013"]
[Site "Dortmund"]
[Date "2013.04.25"]
[Round "4.16"]
[White "Yangibayev, Rustam"]
[Black "Nettbohl, Werner"]
[Result "0-1"]
[WhiteElo "1477"]
[BlackElo "1530"]
[PlyCount "54"]
[EventDate "2013.??.??"]

1. d4 d5 2. Nf3 Nf6 3. Bg5 e6 4. e3 Be7 5. c4 Nbd7 6. Nc3 c6 7. cxd5 exd5 8.
Bd3 h6 9. Bf4 O-O 10. Rc1 Nh5 11. Be5 Nxe5 12. Nxe5 Nf6 13. O-O Bd6 14. f4 Re8
15. e4 dxe4 16. Nxe4 Nxe4 17. Bxe4 f6 18. Qb3+ Be6 19. d5 Bxe5 20. fxe5 cxd5
21. Bg6 Rf8 22. exf6 Rxf6 23. Rxf6 Qxf6 24. Qxb7 Rf8 25. Qxa7 Qxg6 26. Qd4 Qe4
27. Qd2 Qf4 0-1

[Event "FSV-ch 2013"]
[Site "Dortmund"]
[Date "2013.04.25"]
[Round "4.17"]
[White "Vogt, Christian"]
[Black "Winkler, Harald"]
[Result "1/2-1/2"]
[WhiteElo "1495"]
[BlackElo "1335"]
[PlyCount "43"]
[EventDate "2013.??.??"]

1. d4 Nf6 2. c4 e6 3. Nc3 Bb4 4. Qc2 d5 5. a3 Bxc3+ 6. Qxc3 O-O 7. Nf3 a6 8. e3
b6 9. Bd3 a5 10. O-O Ba6 11. b3 c5 12. Qc2 Nbd7 13. Bb2 Qc7 14. Rac1 Rac8 15.
Ne5 Bb7 16. Nxd7 Qxd7 17. dxc5 dxc4 18. bxc4 Qc6 19. f3 Qxc5 20. Bd4 Qg5 21.
Bxb6 Nd5 22. f4 {(=)} 1/2-1/2

[Event "FSV-ch 2013"]
[Site "Dortmund"]
[Date "2013.04.25"]
[Round "4.18"]
[White "Schlettig, Hans-Joachim"]
[Black "Gerke, Dieter"]
[Result "0-1"]
[WhiteElo "1217"]
[BlackElo "1471"]
[PlyCount "90"]
[EventDate "2013.??.??"]

1. e4 c5 2. Nc3 Nc6 3. Bb5 a6 4. Bxc6 bxc6 5. Nf3 d6 6. d3 Rb8 7. h3 Nf6 8. b3
g6 9. Bb2 Bg7 10. Rb1 O-O 11. O-O Bb7 12. Re1 e5 13. Na4 Nd7 14. c3 Qe7 15. Qd2
f5 16. d4 exd4 17. exf5 Qf6 18. cxd4 Qxf5 19. dxc5 Rbe8 20. Bxg7 Kxg7 21. Qc3+
Kg8 22. cxd6 c5 23. Qc4+ Bd5 24. Qg4 Qf7 25. Re3 Rxe3 26. fxe3 Nf6 27. Ng5 Nxg4
28. Nxf7 Nxe3 29. Re1 Nxg2 30. Re7 Bxf7 31. d7 Nf4 32. Nxc5 Nxh3+ 33. Kh2 Ng5
34. Nb7 Ne6 35. Rxe6 Bxe6 36. d8=Q Rxd8 37. Nxd8 Bd5 38. Nb7 Bxb7 39. b4 Bc6
40. a3 Kf7 41. Kg3 Ke6 42. Kf4 Kd5 43. Kg5 Kc4 44. Kh6 Kb3 45. Kxh7 g5 0-1

[Event "FSV-ch 2013"]
[Site "Dortmund"]
[Date "2013.04.25"]
[Round "4.19"]
[White "Dirks, Rainer"]
[Black "Gennat, Egon L"]
[Result "0-1"]
[WhiteElo "1161"]
[BlackElo "1466"]
[PlyCount "74"]
[EventDate "2013.??.??"]

1. e4 d5 2. exd5 Qxd5 3. Nf3 Bg4 4. Be2 Nf6 5. Nc3 Qa5 6. O-O e6 7. d3 c6 8.
Bd2 Qc7 9. d4 Bd6 10. g3 Nbd7 11. Ng5 Bxe2 12. Qxe2 O-O 13. Nce4 Be7 14. Nxf6+
Nxf6 15. Qd3 Rad8 16. c3 h6 17. Ne4 Rd7 18. a4 Rfd8 19. Nxf6+ Bxf6 20. Bf4 e5
21. Be3 exd4 22. Bf4 Be5 23. Qe4 Bxf4 24. gxf4 d3 25. Rad1 d2 26. b4 Rd3 27.
Qe2 Qxf4 28. f3 Rxc3 29. Rf2 Rc1 30. Rff1 Rxd1 31. Rxd1 Qxb4 32. Qe4 c5 33. Qe7
Qd4+ 34. Kg2 c4 35. Qxb7 c3 36. Qc7 Re8 37. Kg3 Qe5+ 0-1

[Event "FSV-ch 2013"]
[Site "Dortmund"]
[Date "2013.04.25"]
[Round "4.20"]
[White "Tautz, Eugen"]
[Black "Rabe, Mark"]
[Result "1-0"]
[WhiteElo "1429"]
[BlackElo "1072"]
[PlyCount "103"]
[EventDate "2013.??.??"]

1. c4 d5 2. cxd5 Qxd5 3. Nc3 Qd8 4. Nf3 Nc6 5. e3 Bf5 6. Bb5 Bd3 7. Bxc6+ bxc6
8. Nd4 Qd7 9. Nde2 e5 10. O-O Bd6 11. Re1 Nf6 12. Ng3 h5 13. h3 h4 14. Nh1 Rh5
15. e4 Rg5 16. Qf3 Bc4 17. d3 Rxg2+ 18. Kxg2 Be6 19. Bg5 O-O-O 20. Nd1 Be7 21.
Ne3 Qxd3 22. Rad1 Qxe4 23. Rxd8+ Bxd8 24. Qxe4 Nxe4 25. Bxd8 Kxd8 26. Ng4 f6
27. f3 Nc5 28. Nhf2 a6 29. b3 Bd5 30. Rd1 Kc8 31. Ne3 Be6 32. Rc1 Nd7 33. Rxc6
Kb7 34. Rxe6 Nc5 35. Re7 g6 36. Nd5 Kc6 37. Nxf6 Kd6 38. Rh7 Ne6 39. N6e4+ Kc6
40. Nd3 a5 41. Rh6 Kd5 42. Nf6+ Kd4 43. Nf2 Kc3 44. Rxh4 g5 45. Ra4 Nf4+ 46.
Kf1 Kd2 47. N6e4+ Ke3 48. Rxa5 Kxf3 49. Nxg5+ Kg3 50. Rxe5 Ng2 51. Re4 c6 52.
Rg4+ 1-0

[Event "FSV-ch 2013"]
[Site "Dortmund"]
[Date "2013.04.25"]
[Round "4.21"]
[White "Wangrin, Stefan A"]
[Black "Heinz, Hans-Werner"]
[Result "1-0"]
[WhiteElo "1188"]
[BlackElo "1160"]
[PlyCount "73"]
[EventDate "2013.??.??"]

1. c4 e5 2. e4 Nf6 3. d3 h6 4. Nc3 Nc6 5. Nge2 Bc5 6. Ng3 d6 7. Be2 Nd4 8. Nd5
Nxe2 9. Qxe2 Ng4 10. Be3 Nxe3 11. fxe3 c6 12. Nc3 g6 13. Rf1 Be6 14. O-O-O Qg5
15. Qf3 Bxe3+ 16. Kc2 Bf4 17. d4 Bg4 18. Qd3 Bxd1+ 19. Nxd1 O-O 20. d5 c5 21.
Nc3 a6 22. Nce2 Qd8 23. Nxf4 exf4 24. Rxf4 Qa5 25. a3 Qa4+ 26. Qb3 Qd7 27. Qf3
f5 28. exf5 gxf5 29. Nxf5 Rf6 30. Rg4+ Kh7 31. Rf4 Raf8 32. g4 b5 33. Qh3 Rg8
34. Qd3 Kh8 35. Qc3 Qd8 36. Nxh6 Rgg6 37. Nf7+ 1-0

[Event "FSV-ch 2013"]
[Site "Dortmund"]
[Date "2013.04.25"]
[Round "4.22"]
[White "Skoecz, Horst"]
[Black "Pauli, Helmut"]
[Result "1-0"]
[WhiteElo "1173"]
[BlackElo "1166"]
[PlyCount "105"]
[EventDate "2013.??.??"]

1. e4 c5 2. Nf3 Nc6 3. e5 e6 4. Nc3 a6 5. d4 cxd4 6. Nxd4 Nxd4 7. Qxd4 d5 8.
Bd3 Ne7 9. Bg5 Qc7 10. Na4 Nc6 11. Qh4 h6 12. Nc3 Bb4 13. O-O Bxc3 14. bxc3
Nxe5 15. Bd2 Nc6 16. Rfe1 O-O 17. Re3 Qe7 18. Qg3 Qg5 19. Qc7 Qe7 20. Qg3 Qg5
21. h4 Qxg3 22. Rxg3 Kh8 23. f4 f5 24. Be3 b5 25. Bc5 Rf7 26. a4 bxa4 27. Rxa4
Ne7 28. h5 Ng8 29. Bd4 Ne7 30. Ra1 Nc6 31. Re3 Nxd4 32. cxd4 Rc7 33. Ra5 Rc6
34. g4 fxg4 35. Kg2 Bd7 36. Kg3 Rb6 37. Rc5 Bb5 38. Bg6 Be8 39. Rec3 Rbb8 40.
Kxg4 Kg8 41. Rc7 Kf8 42. f5 exf5+ 43. Kxf5 Rd8 44. Ke5 Rd7 45. Rf3+ Kg8 46.
Rxd7 Bxd7 47. Bf7+ Kh8 48. Bxd5 Bg4 49. Bxa8 Bxf3 50. Bxf3 a5 51. Bc6 g6 52.
hxg6 Kg7 53. Kf5 1-0

[Event "FSV-ch 2013"]
[Site "Dortmund"]
[Date "2013.04.25"]
[Round "4.23"]
[White "Sobottka, Hans-Gerald"]
[Black "Reker, Gerhard"]
[Result "1-0"]
[WhiteElo "814"]
[BlackElo "914"]
[PlyCount "35"]
[EventDate "2013.??.??"]

1. e4 e5 2. Nf3 Nc6 3. Nc3 Nf6 4. Bb5 Bb4 5. Bxc6 dxc6 6. Nxe5 Bxc3 7. dxc3
Nxe4 8. Qf3 Nd6 9. O-O Bf5 10. Re1 O-O 11. Qg3 Bxc2 12. Re2 Bd1 13. Rd2 Nf5 14.
Rxd8 Nxg3 15. Rxd1 Ne2+ 16. Kf1 Nxc1 17. Raxc1 Rae8 18. Nd7 1-0

[Event "FSV-ch 2013"]
[Site "Dortmund"]
[Date "2013.05.02"]
[Round "5.1"]
[White "Lauche, Christoph"]
[Black "Zelt, Jens"]
[Result "1/2-1/2"]
[WhiteElo "1896"]
[BlackElo "2037"]
[PlyCount "58"]
[EventDate "2013.??.??"]

1. e4 c5 2. a3 a5 3. Nf3 d6 4. d4 b6 5. Bb5+ Bd7 6. Be2 e6 7. O-O Nc6 8. Nc3
Na7 9. dxc5 bxc5 10. Bf4 Bc6 11. Re1 Be7 12. Qd2 e5 13. Bg5 Bxg5 14. Nxg5 Nf6
15. Bc4 O-O 16. Rad1 Nc8 17. f4 Qb6 18. b3 Ra7 19. Nd5 Bxd5 20. exd5 exf4 21.
Qxf4 Ne7 22. Nf3 Ng6 23. Qf5 a4 24. h4 axb3 25. cxb3 Ne7 26. Qf4 Ng6 27. Qf5
Ne7 28. Qf4 Ng6 29. Qf5 Ne7 1/2-1/2

[Event "FSV-ch 2013"]
[Site "Dortmund"]
[Date "2013.05.02"]
[Round "5.2"]
[White "Nagel, Frank"]
[Black "Begna, Bozidar"]
[Result "0-1"]
[WhiteElo "1669"]
[BlackElo "1938"]
[PlyCount "80"]
[EventDate "2013.??.??"]

1. d4 d6 2. c4 e5 3. Nf3 Nd7 4. Nc3 Ngf6 5. g3 c6 6. Bg2 Qc7 7. O-O Be7 8. d5
cxd5 9. cxd5 Qa5 10. a3 b5 11. Na2 Bb7 12. Nb4 Rc8 13. Nh4 g6 14. Bh6 Qd8 15.
e3 Bf8 16. Bxf8 Kxf8 17. e4 Nc5 18. Re1 Kg7 19. Nd3 Qb6 20. Rc1 Nxd3 21. Qxd3
b4 22. Bh3 Ba6 23. Qd2 Rxc1 24. Qxc1 Bd3 25. Bg2 bxa3 26. bxa3 h6 27. h3 Rb8
28. Qc3 Ba6 29. Rc1 Rc8 30. Qd2 Rc5 31. Rxc5 Qxc5 32. Qb4 Nd7 33. Bf1 Qc1 34.
Qxd6 Qxf1+ 35. Kh2 Qxf2+ 36. Kh1 Bd3 37. Qb4 Nf6 38. d6 Bxe4+ 39. Qxe4 Nxe4 40.
d7 Nxg3# 0-1

[Event "FSV-ch 2013"]
[Site "Dortmund"]
[Date "2013.05.02"]
[Round "5.3"]
[White "Boeck, Matthias"]
[Black "Khess, Igor"]
[Result "1/2-1/2"]
[WhiteElo "1639"]
[BlackElo "1837"]
[PlyCount "37"]
[EventDate "2013.??.??"]

1. f4 d5 2. Nf3 Nc6 3. g3 Nf6 4. Bg2 Bf5 5. d3 e6 6. O-O Bc5+ 7. e3 Qe7 8. h3
h5 9. b3 O-O-O 10. d4 Bd6 11. c4 b6 12. Nc3 Ne4 13. Nxe4 Bxe4 14. a3 f6 15. Qe2
g5 16. b4 g4 17. Nh4 Bxg2 18. Qxg2 Qf7 19. hxg4 {(=)} 1/2-1/2

[Event "FSV-ch 2013"]
[Site "Dortmund"]
[Date "2013.05.02"]
[Round "5.4"]
[White "Schwarz, Ingo"]
[Black "Schulz-Runge, Michael"]
[Result "1-0"]
[WhiteElo "1894"]
[BlackElo "1734"]
[PlyCount "128"]
[EventDate "2013.??.??"]

1. e4 c5 2. Bc4 d6 3. f4 e6 4. Be2 d5 5. e5 Nc6 6. c3 Qb6 7. Nf3 Be7 8. d3 Nh6
9. O-O Bd7 10. Kh1 f6 11. Na3 a6 12. Nc2 Nf7 13. d4 cxd4 14. cxd4 f5 15. Ne3 h6
16. g4 g5 17. gxf5 gxf4 18. Ng2 Bg5 19. h4 Ne7 20. fxe6 Qxe6 21. Nxf4 Bxf4 22.
Bxf4 Qh3+ 23. Bh2 Nf5 24. Rg1 Ne3 25. Qb3 Ng4 26. Rg3 Rg8 27. Kg1 Nf6 28. Rxg8+
Nxg8 29. Kf2 Bc6 30. Rg1 Ne7 31. Rg3 Qd7 32. Qe3 Qe6 33. Qf4 Bb5 34. Qf6 Kd7
35. Rg7 Rf8 36. Bf4 Bxe2 37. Qxe6+ Kxe6 38. Kxe2 Rh8 39. Kd3 Nd8 40. h5 Rf8 41.
Rg4 Rf5 42. Rh4 Nf7 43. Ne1 Nc6 44. Nc2 Ng5 45. Rg4 Nf7 46. Ne3 Rxh5 47. Rg6+
Ke7 48. Nxd5+ Kf8 49. Nf6 Rh3+ 50. Ke4 Ne7 51. Nh7+ Ke8 52. Rb6 Rh4 53. Nf6+
Kd8 54. Kf3 Ng5+ 55. Bxg5 hxg5 56. d5 Rf4+ 57. Kg2 Nf5 58. Rxb7 Ne3+ 59. Kg1 g4
60. d6 Rf1+ 61. Kh2 Rc1 62. Rb8+ Rc8 63. Rxc8+ Kxc8 64. b3 Kd8 {
und Schwarz (nicht: Ingo Schwarz) ueberschritt mit seinem letzten Zug die Zeit.
} 1-0

[Event "FSV-ch 2013"]
[Site "Dortmund"]
[Date "2013.05.02"]
[Round "5.5"]
[White "Bommert, Christian"]
[Black "Raskin, Vitali"]
[Result "0-1"]
[WhiteElo "1752"]
[BlackElo "1676"]
[PlyCount "94"]
[EventDate "2013.??.??"]

1. e4 c5 2. Nc3 Nc6 3. Bb5 a6 4. Bxc6 bxc6 5. f4 d5 6. d3 d4 7. Nce2 Nf6 8. h3
e6 9. Nf3 Be7 10. O-O O-O 11. Qe1 a5 12. Bd2 Qb6 13. Rb1 Rd8 14. Ne5 Qb5 15.
Nc4 a4 16. Ng3 Ba6 17. f5 Qb7 18. Ne5 Bd6 19. Nxf7 Bxg3 20. Qxg3 Qxf7 21. fxe6
Qxe6 22. Rf5 Kh8 23. Bg5 Re8 24. Bxf6 gxf6 25. Rbf1 Rg8 26. Qf3 Rg6 27. Rf2 c4
28. a3 Re8 29. h4 cxd3 30. cxd3 Qd6 31. g4 Reg8 32. Rg2 Bc8 33. Rf4 h5 34. g5
Bg4 35. Qf2 fxg5 36. hxg5 c5 37. Rf6 Rxf6 38. gxf6 Qe6 39. Qh4 Qf7 40. e5 Rg6
41. Kh2 Kg8 42. Qe1 Qe6 43. Qe4 Kf7 44. Qb7+ Qd7 45. Qb6 Qd5 46. Qc7+ Bd7 47.
Re2 Qe6 0-1

[Event "FSV-ch 2013"]
[Site "Dortmund"]
[Date "2013.05.02"]
[Round "5.6"]
[White "Ropers, Klaus"]
[Black "Guddat, Jörn"]
[Result "0-1"]
[WhiteElo "1721"]
[BlackElo "1770"]
[PlyCount "80"]
[EventDate "2013.??.??"]

1. d4 d5 2. c4 e6 3. g3 c5 4. Nf3 Nc6 5. cxd5 exd5 6. Bg2 Nf6 7. O-O Be7 8. Nc3
O-O 9. h3 Re8 10. Be3 c4 11. Qc2 a6 12. a4 Nb4 13. Qd2 Bd6 14. Bf4 Bf5 15. Rac1
Rc8 16. Nh4 Be6 17. Bxd6 Qxd6 18. Nf3 Nc6 19. Rfe1 Ne4 20. Qd1 Nxg3 21. Ng5 Nf5
22. e4 Nfe7 23. e5 Qd7 24. Nxe6 fxe6 25. Qg4 Rf8 26. h4 Ng6 27. Nxd5 Qf7 28.
Re2 exd5 29. e6 Qf4 30. Qxf4 Rxf4 31. Bxd5 Nge7 32. Re4 Nxd5 33. Rxf4 Nxf4 34.
Rxc4 Ne7 35. Rb4 Nxe6 36. Rxb7 Rc7 37. Rb6 Nxd4 38. Rxa6 Rb7 39. Rd6 Ndf5 40.
a5 Nxd6 0-1

[Event "FSV-ch 2013"]
[Site "Dortmund"]
[Date "2013.05.02"]
[Round "5.7"]
[White "Khess, Roman"]
[Black "Grube, Jörg"]
[Result "1-0"]
[WhiteElo "1615"]
[BlackElo "1800"]
[PlyCount "83"]
[EventDate "2013.??.??"]

1. c4 Nf6 2. Nc3 g6 3. Nf3 Bg7 4. g3 O-O 5. Bg2 d5 6. cxd5 Nxd5 7. Nxd5 Qxd5 8.
O-O c5 9. Qc2 Nc6 10. a3 Bd7 11. d3 Rac8 12. Bf4 Qh5 13. Rab1 e5 14. Be3 Nd4
15. Bxd4 exd4 16. Nd2 Bc6 17. Ne4 Kh8 18. Rbe1 b5 19. Bf3 {(=)} 19... Qe5 20.
Nd2 Bd7 21. b3 Bh6 22. Bg2 Rfe8 23. Nf3 Qh5 24. Qb2 Bg7 25. Qd2 Bh6 26. Qb2 Bg7
27. Qd2 Re6 28. Ng5 Bh6 29. Nxf7+ Kg7 30. Qxh6+ Qxh6 31. Nxh6 Kxh6 32. Bf3 Ra6
33. Bb7 Rxa3 34. Bxc8 Bxc8 35. Rb1 Ra2 36. Rfe1 Be6 37. Kg2 a5 38. Rec1 Bd5+
39. Kf1 c4 40. dxc4 bxc4 41. bxc4 Be4 42. Ra1 1-0

[Event "FSV-ch 2013"]
[Site "Dortmund"]
[Date "2013.05.02"]
[Round "5.8"]
[White "Jost, Udo"]
[Black "Dieckmann, Rudolf"]
[Result "1/2-1/2"]
[WhiteElo "1857"]
[BlackElo "1601"]
[PlyCount "48"]
[EventDate "2013.??.??"]

1. e4 c5 2. Nc3 Nc6 3. Nge2 d6 4. d3 Nf6 5. Bg5 h6 6. Bxf6 gxf6 7. Ng3 Bd7 8.
Be2 Nd4 9. Nd5 Nxe2 10. Qxe2 Bc6 11. O-O Qd7 12. c4 O-O-O 13. b4 cxb4 14. Nxb4
Rg8 15. Qe3 Kb8 16. Rfb1 Ka8 17. a4 Rg5 18. d4 Qc7 19. Qb3 e6 20. Nxc6 bxc6 21.
Ra2 Bg7 22. Rab2 f5 23. Qd3 fxe4 24. Nxe4 Rg6 1/2-1/2

[Event "FSV-ch 2013"]
[Site "Dortmund"]
[Date "2013.05.02"]
[Round "5.9"]
[White "Schütz, Ralf"]
[Black "Wickenfeld, Udo"]
[Result "1-0"]
[WhiteElo "1857"]
[BlackElo "1317"]
[PlyCount "29"]
[EventDate "2013.??.??"]

1. e4 c5 2. Nf3 Nc6 3. d4 cxd4 4. Nxd4 e6 5. Nc3 a6 6. Nxc6 bxc6 7. e5 Qc7 8.
Bf4 Bb7 9. Qd2 Bb4 10. a3 Qa5 11. O-O-O Bc8 12. axb4 Qxb4 13. Qd4 Rb8 14. Ne4
Qxd4 15. Rxd4 1-0

[Event "FSV-ch 2013"]
[Site "Dortmund"]
[Date "2013.05.02"]
[Round "5.10"]
[White "Koch, Detlev"]
[Black "Sonntag, Joachim"]
[Result "0-1"]
[WhiteElo "1339"]
[BlackElo "1777"]
[PlyCount "60"]
[EventDate "2013.??.??"]

1. e4 c5 2. d4 cxd4 3. Qxd4 Nc6 4. Qd1 Nf6 5. f3 e6 6. a3 Bc5 7. Nc3 a6 8. Qe2
Qc7 9. Be3 Nd4 10. Bxd4 Bxd4 11. Qc4 Qb6 12. Na4 Bf2+ 13. Kd1 Qe3 14. Ne2 b5
15. Qc3 Qa7 16. Qd3 bxa4 17. Nc3 Qc7 18. Qc4 Qd6+ 19. Ke2 Qb6 20. Nd1 a5 21.
Qxa4 Ba6+ 22. c4 Rc8 23. b3 Bd4 24. Ra2 O-O 25. Ke1 Rfd8 26. Rc2 d5 27. c5 Bxc5
28. Bxa6 Qxa6 29. Rxc5 Rxc5 30. b4 Qc4 0-1

[Event "FSV-ch 2013"]
[Site "Dortmund"]
[Date "2013.05.02"]
[Round "5.12"]
[White "Mokros, Jürgen"]
[Black "Gennat, Egon L"]
[Result "1/2-1/2"]
[WhiteElo "1545"]
[BlackElo "1448"]
[PlyCount "164"]
[EventDate "2013.??.??"]

1. Nf3 Nf6 2. g3 g6 3. Bg2 Bg7 4. O-O d5 5. d3 O-O 6. h3 Re8 7. Nbd2 c5 8. e4
e5 9. exd5 Nxd5 10. Ne4 Na6 11. c3 Rb8 12. Bg5 f6 13. Bc1 Bf5 14. Qe2 Bxe4 15.
dxe4 Ne7 16. Rd1 Qc7 17. Be3 Rbd8 18. Nd2 Rd7 19. Qc4+ Kh8 20. Nb3 Red8 21.
Rxd7 Rxd7 22. Nxc5 Nxc5 23. Qxc5 Qxc5 24. Bxc5 Nc6 {(=)} 25. Be3 Bf8 26. Bf3
Kg7 27. Rd1 Rxd1+ 28. Bxd1 Bd6 29. Ba4 a6 30. Bb6 Kf7 31. f3 Ke7 32. Kf2 Nb8
33. Ke2 Nd7 34. Bxd7 Kxd7 35. Be3 Kc6 36. f4 b5 37. Kd3 Bc7 38. b4 Bd6 39. a3
Be7 40. c4 Bd6 41. Kc3 Bc7 42. Kb3 Bd6 43. a4 Bc7 44. fxe5 fxe5 45. cxb5+ axb5
46. a5 Kb7 47. Bg5 Bd6 48. g4 Ka6 49. h4 h5 50. gxh5 gxh5 51. Bf6 Kb7 52. Kc3
Ka6 53. Bg5 Kb7 54. Be3 Be7 55. Bf2 Ka6 56. Bg3 Bd6 57. Be1 Bc7 58. Kd3 Kb7 59.
Ke3 Ka6 60. Kf3 Kb7 61. Bd2 Bd6 62. Bc3 Bc7 63. Bd2 Bd6 64. Ke2 Ka6 65. Kd3 Kb7
66. Kc3 Ka6 67. Bg5 Kb7 68. Be3 Be7 69. Bg5 Bd6 70. Bd8 Ka6 71. Bb6 Be7 72. Bf2
Kb7 73. Bg3 Bf6 74. Kd3 Ka6 75. Ke3 Kb7 76. Kf3 Ka6 77. Bf2 Bd8 78. Kg3 Kb7 79.
Bc5 Bf6 80. Bd6 Ka6 81. Kf3 Kb7 82. Kg3 Ka6 1/2-1/2

[Event "FSV-ch 2013"]
[Site "Dortmund"]
[Date "2013.05.02"]
[Round "5.13"]
[White "Benke, Werner"]
[Black "Reinacher, Detlev"]
[Result "1/2-1/2"]
[WhiteElo "1465"]
[BlackElo "1590"]
[PlyCount "41"]
[EventDate "2013.??.??"]

1. d4 Nf6 2. c4 g6 3. Nc3 d6 4. Nf3 Bg7 5. h3 c6 6. Bf4 Nbd7 7. e3 a6 8. a4 Qc7
9. Be2 b6 10. O-O Bb7 11. Rb1 O-O 12. b4 e5 13. dxe5 dxe5 14. Bh2 Rfd8 15. Qc2
Ne8 16. Rfd1 Nf8 17. Ne4 f5 18. Nc3 Qe7 19. Qb3 Kh8 20. Rxd8 Rxd8 21. Rd1
1/2-1/2

[Event "FSV-ch 2013"]
[Site "Dortmund"]
[Date "2013.05.02"]
[Round "5.14"]
[White "Jentzsch, Werner Wilfried"]
[Black "Schlepütz, Volker"]
[Result "0-1"]
[WhiteElo "1387"]
[BlackElo "1548"]
[PlyCount "118"]
[EventDate "2013.??.??"]

1. d4 d5 2. Nc3 Nf6 3. Bf4 Bf5 4. e3 a6 5. Bd3 Bxd3 6. cxd3 e6 7. Nf3 Bd6 8.
Bxd6 Qxd6 9. Qa4+ c6 10. h3 O-O 11. Qc2 Nfd7 12. e4 Qe7 13. O-O Rc8 14. Rfe1
Nf6 15. e5 Nfd7 16. Rac1 b5 17. a4 b4 18. Ne2 a5 19. b3 Ra7 20. Ng3 Rac7 21.
Qb1 c5 22. dxc5 Rxc5 23. d4 R5c7 24. Rxc7 Rxc7 25. Rc1 Nf8 26. Rc2 Na6 27. Qc1
Rxc2 28. Qxc2 Qc7 29. Qxc7 Nxc7 30. Ne1 Nd7 31. Nd3 f6 32. f4 Kf7 33. Kf2 Na6
34. Ne2 Nab8 35. Ke3 Nc6 36. g4 g5 37. fxg5 fxe5 38. Nxe5+ Ncxe5 39. dxe5 Nxe5
40. Nd4 Ke7 41. Kf4 Ng6+ 42. Ke3 Kd6 43. Nb5+ Ke5 44. Nd4 Kd6 45. Nf3 e5 46. h4
e4 47. Nd4 Nxh4 48. Nb5+ Ke5 49. Na7 d4+ 50. Ke2 Kf4 51. Nc6 d3+ 52. Ke1 Nf3+
53. Kd1 e3 54. Nxa5 e2+ 55. Kc1 e1=Q+ 56. Kb2 d2 57. g6 d1=Q 58. gxh7 Qc3+ 59.
Ka2 Qda1# 0-1

[Event "FSV-ch 2013"]
[Site "Dortmund"]
[Date "2013.05.02"]
[Round "5.15"]
[White "Nettbohl, Werner"]
[Black "Tautz, Eugen"]
[Result "1-0"]
[WhiteElo "1501"]
[BlackElo "1450"]
[PlyCount "79"]
[EventDate "2013.??.??"]

1. e4 e5 2. Nf3 Nc6 3. Bc4 Nf6 4. d3 d6 5. h3 Be7 6. Nc3 a6 7. Be3 Na5 8. Bb3
Nxb3 9. axb3 Bd7 10. O-O Bc6 11. Nh2 O-O 12. f4 exf4 13. Bxf4 Bd7 14. Qd2 h6
15. Nf3 c6 16. Kh1 Nh5 17. Bh2 Be6 18. Rf2 Rc8 19. Raf1 Qd7 20. Ne2 Qd8 21. Nf4
Nxf4 22. Bxf4 Bf6 23. d4 Kh8 24. Nh2 Kg8 25. c4 b5 26. d5 cxd5 27. cxd5 Bd7 28.
Bxh6 Bh4 29. Bxg7 Kxg7 30. Rf3 Qe7 31. Qf4 f5 32. exf5 Bxf5 33. Qd4+ Kg6 34.
Re3 Qh7 35. Rf4 Bg5 36. Rg3 Kh5 37. Nf3 Rc1+ 38. Kh2 Rg8 39. Rh4+ Bxh4 40.
Qxh4# 1-0

[Event "FSV-ch 2013"]
[Site "Dortmund"]
[Date "2013.05.02"]
[Round "5.16"]
[White "Gerke, Dieter"]
[Black "Herrmann, Rudolf"]
[Result "1-0"]
[WhiteElo "1471"]
[BlackElo "1336"]
[PlyCount "93"]
[EventDate "2013.??.??"]

1. d4 Nf6 2. c4 a6 3. Nc3 g6 4. e4 Bg7 5. Be2 d6 6. Be3 Bd7 7. Qd2 h5 8. Nf3 c6
9. e5 Ng4 10. exd6 Nxe3 11. Qxe3 e6 12. Ne5 Qf6 13. Ne4 Qf5 14. Ng3 Qf6 15. Bd3
Bh6 16. Qe2 Qf4 17. Ne4 O-O 18. g3 Qf5 19. Nc5 Qg5 20. Ncxd7 Rd8 21. h4 Qd2+
22. Qxd2 Bxd2+ 23. Kxd2 Nxd7 24. Nxd7 Rxd7 25. c5 b6 26. Be4 bxc5 27. dxc5 Rc8
28. Rac1 Rb7 29. Rc2 Kg7 30. Ke3 Kf6 31. Rd1 Rd7 32. Rc3 Ke5 33. f4+ Kf6 34.
Rb3 e5 35. Rb6 exf4+ 36. Kxf4 Rg8 37. Bxc6 Rdd8 38. Bd5 g5+ 39. Kf3 Ke5 40. Rb7
g4+ 41. Kf2 Rgf8 42. Re7+ Kf6 43. Kg2 Rb8 44. Rf1+ Kg7 45. Rfxf7+ Rxf7 46.
Rxf7+ Kh8 47. b3 1-0